ՀՀ Գիտությունների ազգային ակադեմիայի հիմնարար գիտական գրադարան  =   Fundamental Scientific Library of NAS RA

Дом на углу : (Record no. 279403)

MARC details
000 -LEADER
fixed length control field 00832nam a2200205 u 4500
001 - CONTROL NUMBER
control field 000755374
003 - CONTROL NUMBER IDENTIFIER
control field AM-YeHGA
005 - DATE AND TIME OF LATEST TRANSACTION
control field 20250617143651.0
008 - FIXED-LENGTH DATA ELEMENTS--GENERAL INFORMATION
fixed length control field 100817s1970 ||| r 000 0 rus d
040 ## - CATALOGING SOURCE
Original cataloging agency AM-YeHGA
041 0# - LANGUAGE CODE
Language code of text/sound track or separate title rus
090 ## - LOCALLY ASSIGNED LC-TYPE CALL NUMBER (OCLC); LOCAL CALL NUMBER (RLIN)
-- 281055
100 1# - MAIN ENTRY--PERSONAL NAME
Personal name Бажова-Гайдар, Ариадна Павлова
245 10 - TITLE STATEMENT
Title Дом на углу :
Remainder of title Воспоминания о моем отце /
Statement of responsibility, etc. А. Бажова-Гайдар.
260 ## - PUBLICATION, DISTRIBUTION, ETC.
Place of publication, distribution, etc. Свердловск :
Name of publisher, distributor, etc. Средне-Уральское кн. изд-во,
Date of publication, distribution, etc. 1970.
300 ## - PHYSICAL DESCRIPTION
Extent 87 с. :
Other physical details портр., ил.
440 #0 - SERIES STATEMENT/ADDED ENTRY--TITLE
Title Замечательные люди Урала
600 14 - SUBJECT ADDED ENTRY--PERSONAL NAME
Personal name Бажов, Павел Петрович
Dates associated with a name 1879-1950
653 0# - INDEX TERM--UNCONTROLLED
Uncontrolled term Русская советская литература - Воспоминания и записки
Holdings
Withdrawn status Lost status Damaged status Not for loan Collection Home library Current library Date acquired Total checkouts Full call number Barcode Date last seen Price effective from Koha item type Public note
        General Fundamental Scientific Library Fundamental Scientific Library 29/12/2016   PI/25889 FL0170990 29/12/2016 29/12/2016 Գրքեր / Books 30 Days Loan


ՀՀ ԳԱԱ հիմնարար գիտական գրադարան
ՀՀ,Երևան 0019
Մարշալ Բաղրամյան 24/6
հեռախոս:(374-10) 52-47-50
Հետադարձ կապ

All site content, except where otherwise noted, is licensed under a
Creative Commons License